000
00440nam a2200133Ia 4500
008
100328s9999 xx 000 0 und d
082
_b
35579
100
_a
अदवंत म. ना.
245
_a
निवडक प्रभाकर अत्रे
260
_b
मंदार
630
_a
निवडक प्रभाकर अत्रे
730
_a
निवडक प्रभाकर अत्रे
942
_c
BOOK
999
_c
525454
_d
525451